All Countries with NFL Players - Statistics

General Stats
  • This quiz has been taken 47 times
    44 since last reset
  • The average score is 18 of 32
Answer Stats
# Country % Correct
>1500 United States
100%
10 Australia
98%
27 Canada
98%
5 United Kingdom
93%
3 Germany
90%
12 Nigeria
85%
1 Brazil
78%
1 Ireland
78%
1 China
75%
2 South Africa
70%
1 Samoa
65%
4 Jamaica
58%
1 South Korea
58%
1 Tonga
58%
1 Denmark
55%
2 Ghana
55%
3 Haiti
55%
1 Bahamas
53%
1 Belgium
53%
1 Netherlands
53%
2 Cameroon
50%
2 Greece
50%
1 Austria
40%
1 Panama
40%
1 Turkey
40%
1 Belize
35%
1 Taiwan
33%
1 Ivory Coast
28%
1 Liberia
28%
1 Gambia
23%
1 Guinea
23%
1 Zimbabwe
18%
No matching quizzes found
Score Distribution
Percent of People with Each Score
Percentile by Number Answered
Your Score History
You have not taken this quiz since the last reset